000 00488nam a2200205Ia 4500
003 0100
005 20141022140814.0
008 130303s9999 xx 000 0 und d
040 _cARRUPELIB
050 _aB105.F49 1955
100 _aFinance, Joseph de
_912243
245 _aExistence et Liberte
260 _aParis
260 _bEmmanuel Vitte
300 _a389p.
300 _b 23cm
650 _aPHILOSOPHY
_912244
650 _bPhilosophy
_912245
942 _2lcc
_cMONOGRAPH
999 _c52069
_d52069